Selection from papers found in the possesion of Captain von Papen, late german military attaché at Washington, Falmouth, January 2 & 3, 1916. (Record no. 47627)

MARC details
000 -LEADER
campo de control de longitud fija 00738nam a2200205 i 4500
001 - NÚMERO DE CONTROL
campo de control 47627
003 - IDENTIFICADOR DE NÚMERO DE CONTROL
campo de control ES-MaACL
005 - FECHA Y HORA DE LA ÚLTIMA TRANSACCIÓN
campo de control 20230906161612.0
007 - CAMPO FIJO DE DESCRIPCIÓN FÍSICA--INFORMACIÓN GENERAL
campo de control de longitud fija t|
008 - DATOS DE LONGITUD FIJA--INFORMACIÓN GENERAL
campo de control de longitud fija 030508s1916 xxk ||||1| eng d
245 00 - MENCIÓN DEL TÍTULO
Título Selection from papers found in the possesion of Captain von Papen, late german military attaché at Washington, Falmouth, January 2 & 3, 1916.
260 ## - PUBLICACIÓN, DISTRIBUCIÓN, ETC.
Lugar de publicación, distribución, etc. London :
Nombre del editor, distribuidor, etc. H.M. Stationery off., Harrison and sons, printers,
Fecha de publicación, distribución, etc. 1916.
300 ## - DESCRIPCIÓN FÍSICA
Extensión 35 p. :
Otras características físicas il. ;
Dimensiones 34 cm.
490 1# - MENCIÓN DE SERIE
Mención de serie Miscellaneous ;
Designación de volumen o secuencia 6
650 14 - PUNTO DE ACCESO ADICIONAL DE MATERIA--TÉRMINO DE MATERIA
Término de materia o nombre geográfico como elemento de entrada Guerra mundial, 1914-1918-
Subdivisión general Historia diplomática.
9 (RLIN) 13221
700 1# - ENTRADA AGREGADA--NOMBRE PERSONAL
Nombre de persona Papen, Franz von.
9 (RLIN) 88870
830 0# - PUNTO DE ACCESO ADICIONAL DE SERIE-TÍTULO UNIFORME
Título uniforme Miscellaneous ;
Designación de volumen o secuencia 6
9 (RLIN) 230034
852 ## - LOCALIZACIÓN
Ubicación ES-MaACL
Número de control de estantería 1537-F-8
Holdings
Estatus retirado Estado de pérdida Estado de daño No para préstamo Colección Biblioteca de origen Biblioteca actual Ubicación en estantería Fecha de adquisición Fuente de adquisición Total de préstamos Signatura topográfica completa Código de barras Visto por última vez Precio de reemplazo Tipo de ítem Koha
        Colección de folletos Biblioteca del Ateneo de Madrid Biblioteca del Ateneo de Madrid Depósito folletos 17/01/2008     1537-F-8 1050111 23/02/2023 23/02/2023 Folleto